000 00987nam0a22002771 4500
001 rc\235422
005 20030307120324.3
010 _a5-09-001809-Х
_924800
035 _a(NLR Aleph) 005497827
090 _a5275563
_c5275563
100 _a20030307d1990 u |0rusy50 ca
101 0 _arus
102 _aRU
105 _aa |||||||||
200 1 _aМетодики психодиагностики в спорте
_e[Для спец. 03.03 "Физ. культура"]
_fВ.Л. Марищук и др.
205 _a2-е изд., доп. и испр.
210 _aМ.
_cПросвещение
_d1990
215 _a256 с.
_cил.
_d22
225 1 _aУчебное пособие для педагогических институтов
320 _aБиблиогр.: с. 254-255
702 1 _aМарищук
_bВ. Л.
_gВладимир Лаврентьевич
_4220
801 0 _aRU
_bNLR
_gpsbo
801 1 _aRU
_bELAR
_2rusmarc
852 _aNLR
_j90-5/5557
942 _cBOOK
980 _aNB